| 000 | 00487nam a2200169Ia 4500 | ||
|---|---|---|---|
| 003 | SGT | ||
| 020 | _a9788120007375 | ||
| 082 |
_a620.0044 _bKUM |
||
| 100 | _aKumar,D.S | ||
| 245 | _aMechanical measurements and control | ||
| 250 | _a3rd rev Ed. | ||
| 260 |
_bMetropolitan Book Co Private Ltd. _aNew Delhi _c2005 |
||
| 300 | _a718p. | ||
| 650 | _aMECHANICAL ENGINEERING | ||
| 653 | _aMEASUREMENT AND INSTRUMENTATION ,INSTRUMENT, MEASUREMENT ERRORS AND STATISTICAL | ||
| 942 |
_2ddc _cBK _01 |
||
| 999 |
_c5060 _d5060 |
||